UBT Library

Etiology and morphogenesis of congenital heart disease / (Record no. 46986)

000 -LEADER
fixed length control field 00622cam a2200217 i 4500
001 - CONTROL NUMBER
control field 2282910
005 - DATE AND TIME OF LATEST TRANSACTION
control field 20180809093743.0
008 - FIXED-LENGTH DATA ELEMENTS--GENERAL INFORMATION
fixed length control field 800822s1980 nyua b 001 0 eng
010 ## - LIBRARY OF CONGRESS CONTROL NUMBER
LC control number 79065371
020 ## - INTERNATIONAL STANDARD BOOK NUMBER
International Standard Book Number 0879931264
040 ## - CATALOGING SOURCE
Original cataloging agency DLC
Transcribing agency DLC
Modifying agency DLC
041 ## - LANGUAGE CODE
Language code of text/sound track or separate title eng
080 ## - UNIVERSAL DECIMAL CLASSIFICATION NUMBER
Universal Decimal Classification number 616.120 PRA
082 00 - DEWEY DECIMAL CLASSIFICATION NUMBER
Classification number 616.120 PRA
Edition number 19
100 ## - Rafti
Rafti 7
101 ## - Shkurtesa
Shkurtesa KAR
245 00 - TITLE STATEMENT
Title Etiology and morphogenesis of congenital heart disease /
Statement of responsibility, etc edited by Richard Van Praagh, Atsuyoshi Takao.
504 ## - BIBLIOGRAPHY, ETC. NOTE
Bibliography, etc Includes bibliographies and index.
906 ## - LOCAL DATA ELEMENT F, LDF (RLIN)
a 7
b cbc
c orignew
d u
e opcn
f 19
g y-gencatlg
942 ## - ADDED ENTRY ELEMENTS (KOHA)
Source of classification or shelving scheme
Item type Books
Holdings
Withdrawn status Lost status Source of classification or shelving scheme Damaged status Not for loan Collection code Permanent location Current location Shelving location Date acquired Total Checkouts Full call number Barcode Date last seen Price effective from Koha item type
          Koleksioni i përgjithshem UBT - Lipjan UBT - Lipjan Koleksioni i përgjithshem 08/09/2018   616.120 PRA 002-3010813 08/10/2018 08/09/2018 Books
UBT Library © 2015-2024. All rights reserved University Education for Business and Technology